Geomundo : marzo 1983 /

Guardado en:
Detalles Bibliográficos
Otros autores: Romañach, Pedro J. (dirección) (dirección)
Formato: Libro
Idioma:Español
Publicado: México : Editorial América, 1983, c1983
Temas:
Etiquetas: Agrega una etiqueta
Sin etiquetas, Sé el primero en etiquetar este registro!

MARC

LEADER 00000nam^a2200000^a^4500
001 000093958
005 20250521000000.0
009 20260310092816.142
037 |a Acervo ITESO - Biblioteca 
041 |a ESP 
082 |a 900. 5  |b GEO 1983 V. 7 T. 3 
240 1 1 |a [Geomundo] 
245 1 0 |a Geomundo :  |b marzo 1983 /  |c Dir. de P.J. Romañach. 
264 4 |a México :  |b Editorial América,  |c 1983, c1983 
300 |a p. 217-299 
336 |a texto  |b txt  |2 rdacontenido 
337 |a sin mediación  |b n  |2 rdamedio 
338 |a volumen  |b nc  |2 rdasoporte 
649 |a XX 
650 |a Geografía -  |x Publicaciones Periódicas Mexicanas 
650 |a Coras 
650 |a Indígenas de México 
650 |a Cisnes 
650 |a Zorros 
650 |a Augsburgo, Alemania -  |x Descripción 
650 |a San Lorenzo del Escorial, España -  |x Descripción 
650 |a Folklore -  |z Guatemala 
650 |a Fiestas Religiosas -  |z Guatemala 
650 |a Religión -  |z Guatemala 
650 |a Publicaciones Periódicas Mexicanas 
700 |a Romañach, Pedro J.  |e (dirección) 
910 |a Fondo Jesús Rodríguez 
920 |a Impresos - Libros 
930 |a Fondos Especiales 
905 |a 113 
901 |a 0500028513  |b IT2  |c ESP  |u 20250521 
902 |a https://opac.biblio.iteso.mx/vufind/Record/000093958